00504nam a2200193 a 4500001001300000003000900013005001700022008004100039020002700080082001300107100002500120245003600145260003400181300000900215500003500224505001000259650001600269700002500285nice12345678IN_TiNIC20260116013111.0050524s1988 edia grp 000 0 eng  a0567703 c1100.5500a111bPAN aPannenberg, Wolfhart aMetaphysics and the Idea of God aEdinburghbT & t Clark c1988 a170p aincludes index and biblioraphy2 aIndex aMetaphysics1 aPannenberg, Wolfhart